• 首页
  • 本馆介绍
  • 公告通知
  • 最新文献
  • 馆藏检索
  • 电子资源
  • 读者导购
  • 参考咨询
  • 我的图书馆
  • 登录
  • 详细信息显示
  • 放入我的书架
  • 预约/预借图书
  • 作者相关作品
  • 分类相关作品
  • 丛书相关作品
  • 出版社相关作品

书目信息

  • 表格格式
  • 工作单格式
  • 卡片格式
题名:
人性问题
    
 
作者: 庞庆举 著
分册:  
出版信息: 上海   华东师范大学出版社  2015
页数: 263页
开本: 24cm
丛书名: “生命·实践”教育学论著系列
单 册:
中图分类: B82-061
科图分类:
主题词: 人性--ren xing--研究
电子资源:
ISBN: 978-7-5675-2252-7
000 01227nam 2200301 450
001 340220
005 20150625102228.68
010    @a978-7-5675-2252-7@dCNY38.00
100    @a20150116d2015 kemy0chiy50 ea
101 0  @achi
102    @aCN@b310000
105    @ay a 000yy
106    @ar
200 1  @a人性问题@Aren xing wen ti@e“生命·实践”教育学人学之基@f庞庆举著
210    @a上海@c华东师范大学出版社@d2015
215    @a263页@d24cm
225 2  @a“生命·实践”教育学论著系列@A“ sheng ming · shi jian ” jiao yu xue lun zhu xi lie@i“基本理论研究”丛书
300    @a上海文化发展基金会图书出版专项基金资助出版
320    @a有书目
330    @a本书从学科元研究层面、以史论实相结合的写法, 系统探讨教育学人性问题及其与理论体系的基因式生发关系。内容包括可塑性的理性生物与赫乐巴特教育学创建 ; 未成熟的社会生物与杜威教育哲学改造等。
410  0 @12001 @a“生命·实践”教育学论著系列@i“基本理论研究”丛书
462    @1462 @a“基本理论研究”丛书
517 1  @a“生命·实践”教育学人学之基@A“ sheng ming · shi jian ” jiao yu xue ren xue zhi ji
606 0  @a人性@Aren xing@x研究
690    @aB82-061@v5
701  0 @a庞庆举@Apang qing ju@4著
801  0 @aCN@b卓展宏图@c20150525
905    @dB82-061@e593@f4
    
    人性问题:“生命·实践”教育学人学之基/庞庆举著.-上海:华东师范大学出版社,2015
    263页;24cm.-(“生命·实践”教育学论著系列.“基本理论研究”丛书)
    上海文化发展基金会图书出版专项基金资助出版
    
    ISBN 978-7-5675-2252-7:CNY38.00
    本书从学科元研究层面、以史论实相结合的写法, 系统探讨教育学人性问题及其与理论体系的基因式生发关系。内容包括可塑性的理性生物与赫乐巴特教育学创建 ; 未成熟的社会生物与杜威教育哲学改造等。
●
相关链接 在E读中查询图书 在五车中查询图书 在当当中查询图书 在豆瓣中查询图书


正题名:人性问题     索取号:B82-061/593         预约/预借

序号 登录号 条形码 馆藏地/架位号 状态 备注
1 864802   208648025   第一样本阅览室/ [索取号:B82-061/593] 在馆    
2 864803   208648034   第一借阅区/ [索取号:B82-061/593] 在馆    
3 864804   208648043   教育系资料室/ [索取号:B82-061/593] 在馆    
4 864805   208648052   第一借阅区/ [索取号:B82-061/593] 在馆    
唐山师范学院图书馆 欢迎您!
大连网信软件有限公司© 版权所有